| 000 | 00720nam a2200241Ia 4500 | ||
|---|---|---|---|
| 003 | OSt | ||
| 005 | 20220923220402.0 | ||
| 006 | a|||||r|||| 00| 0 | ||
| 007 | ta | ||
| 008 | 220922b |||||||| |||| 00| 0 hin d | ||
| 024 | _a186,274 | ||
| 037 | _cTextual | ||
| 040 |
_aARTS _cARTS _bhin |
||
| 041 |
_2hin _ahin |
||
| 082 | _aY0gA, 152M1 | ||
| 100 | _aसरला देवी | ||
| 245 | 0 | _aसंरक्षण या विनाश | |
| 246 | _aSanrakṣhaṇ yā vināsha | ||
| 260 |
_aनैनीताल _b ज्ञानोदय प्रकाशन _c1981 |
||
| 300 |
_a344 पृ. _ccm. |
||
| 942 |
_hY0gA, 152M1 _cTEXL _2CC |
||
| 999 |
_c339519 _d339519 |
||